|
|
|
|
| LEADER |
00000nam a22000007a 4500 |
| 005 |
20190418211326.0 |
| 007 |
cr|||| |||| |
| 008 |
190418s2013 co |||||s|||| 00||0 spa d |
| 020 |
|
|
|a 978-958-695-894-3
|
| 035 |
|
|
|a 23295
|
| 040 |
|
|
|a vLex
|
| 090 |
|
|
|c 8666
|d 8666
|
| 100 |
1 |
|
|a Varn̤ Palomino, Juan Carlos
|
| 245 |
1 |
0 |
|a Derechos fiduciarios y mercado de valores
|h [Recurso electrn̤ico] /
|c Juan Carlos Varn̤ Palomino, Germǹ Daro̕ Abella Abondano
|
| 256 |
|
|
|a Servicio en ln̕ea
|
| 260 |
|
|
|a Bogot:̀
|b Universidad de Los Andes (Colombia),
|c 2013
|
| 300 |
|
|
|a 1 recurso electrn̤ico
|
| 506 |
1 |
|
|a Disponible solo en los productos indicados
|d vLex Global
|d vLex Global (Academic Edition, excluding Law Schools)
|d vLex Global (U.S. Academic Edition, Law Schools)
|d vLex Global (U.S. Academic Edition, excluding Law Schools)
|d vLex Global (Academic Edition, Law Schools)
|
| 650 |
0 |
4 |
|a Derecho Civil
|z Colombia
|
| 650 |
0 |
4 |
|a Derecho Mercantil y de la Empresa
|z Colombia
|
| 700 |
1 |
|
|a Abella Abondano, Germǹ Daro̕
|
| 740 |
0 |
|
|a vLex Libros (Servicio en ln̕ea)
|
| 856 |
4 |
0 |
|u http://vlex.com/source/derechos-fiduciarios-mercado-valores-23295
|z Acceso restringido
|
| 942 |
|
|
|c BOOK
|
| 999 |
0 |
|
|a Civil Law
|
| 999 |
0 |
|
|a Business and Company Law
|